China's integration into the world economy

Bibliographic Details
Corporate Author: ProQuest (Firm)
Other Authors: Whalley, John.
Format: Electronic eBook
Language:English
Published: Singapore ; Hackensack, N.J. : World Scientific, c2011.
Subjects:
Online Access:Click to View
LEADER 01570nam a2200397 a 4500
001 EBC737646
003 MiAaPQ
005 20200520144314.0
006 m o d |
007 cr cn|||||||||
008 110406s2011 si a sb 001 0 eng d
010 |z  2011281322 
020 |z 9814304786 
020 |z 9789814304788 
020 |a 9789814304795 (electronic bk.) 
035 |a (MiAaPQ)EBC737646 
035 |a (Au-PeEL)EBL737646 
035 |a (CaPaEBR)ebr10480248 
035 |a (CaONFJC)MIL314840 
035 |a (OCoLC)738433302 
040 |a MiAaPQ  |c MiAaPQ  |d MiAaPQ 
043 |a a-cc--- 
050 4 |a HC427.95  |b .C45 2011 
082 0 4 |a 337.1095  |2 22 
245 0 0 |a China's integration into the world economy  |h [electronic resource] /  |c edited by John Whalley. 
260 |a Singapore ;  |a Hackensack, N.J. :  |b World Scientific,  |c c2011. 
300 |a xviii, 391 p. :  |b ill. (some col.). 
504 |a Includes bibliographical references and index. 
505 0 |a pt. 1. FDI and technology -- pt. 2. China's trade policies -- pt. 3. China's tax system -- pt. 4. China in the world -- pt. 5. Chinese enterprises and labour mobility. 
533 |a Electronic reproduction. Ann Arbor, MI : ProQuest, 2015. Available via World Wide Web. Access may be limited to ProQuest affiliated libraries. 
651 0 |a China  |x Economic conditions. 
651 0 |a China  |x Economic policy. 
655 4 |a Electronic books. 
700 1 |a Whalley, John. 
710 2 |a ProQuest (Firm) 
856 4 0 |u https://ebookcentral.proquest.com/lib/matrademy/detail.action?docID=737646  |z Click to View